Sufism of India Pakistan and Bangladesh Vol-III (Record no. 20118)
[ view plain ]
| 000 -LEADER | |
|---|---|
| fixed length control field | 00308nam a22001337a 4500 |
| 020 ## - INTERNATIONAL STANDARD BOOK NUMBER | |
| ISBN | 8171513182 |
| 082 ## - DEWEY DECIMAL CLASSIFICATION NUMBER | |
| Classification number | 297.4 SIN |
| 100 ## - MAIN ENTRY--AUTHOR NAME | |
| Author name | Singh, N.K. |
| 245 ## - TITLE STATEMENT | |
| Title | Sufism of India Pakistan and Bangladesh Vol-III |
| 260 ## - PUBLICATION, DISTRIBUTION, ETC. (IMPRINT) | |
| Place of publication | New Delhi |
| Name of publisher | Kitab Bhavan |
| Year of publication | 2002 |
| 300 ## - PHYSICAL DESCRIPTION | |
| Number of Pages | 264 |
| 650 ## - SUBJECT ADDED ENTRY--TOPICAL TERM | |
| Topical Term | sufism |
| 942 ## - ADDED ENTRY ELEMENTS (KOHA) | |
| Koha item type | Books |
| Home library | Current library | Date acquired | Full call number | Accession Number | Koha item type |
|---|---|---|---|---|---|
| Henry Martyn Institute Library | Henry Martyn Institute Library | 09/06/2016 | 297.4 SIN VOL-3 | 20265 | Books |
| Henry Martyn Institute Library | Henry Martyn Institute Library | 10/18/2016 | 297.4 SIN VOL-2 | 20264 | Books |
| Henry Martyn Institute Library | Henry Martyn Institute Library | 10/18/2016 | 297.4 SIN VOL-1 | 20263 | Books |
